Star Trek Click Timeline - Statistics

General Stats
  • This quiz has been taken 150 times
  • The average score is 7 of 11
Answer Stats
Hint Answer % Correct
The Original Series 1966
90%
The Animated Series 1973
80%
The Next Generation 1987
76%
Voyager 1995
76%
Enterprise 2001
73%
Deep Space Nine 1993
71%
Discovery 2017
65%
Strange New Worlds 2022
56%
Picard 2020
42%
Prodigy 2021
38%
Lower Decks 2020
32%
No matching quizzes found
Score Distribution
Percent of People with Each Score
Percentile by Number Answered
Your Score History
You have not taken this quiz